000 00524cam a2200169 4500500
005 20260405000749.0
041 _afre
042 _adc
100 1 0 _aDuru, Martin
_eauthor
245 0 0 _aDu « Chien » misérable au requin de la finance
260 _c2009.
500 _a89
690 _aCynisme
690 _aFinance
786 0 _nPhilosophie magazine | 30 | 6 | 2009-06-01 | p. 38-38 | 1951-1787
856 4 1 _uhttps://shs.cairn.info/magazine-philosophie-magazine-2009-6-page-38?lang=fr&redirect-ssocas=7080
999 _c2040605
_d2040605